Population | City |
1,406,630 | San Diego | | 97.7% | 66,937 | Portland | | 97.7% | 639,863 | Portland | | 97.7% | 197,485 | Columbus | | 97.5% | 46,850 | Columbus | | 97.5% | 860,090 | Columbus | | 97.5% | 632,912 | Las Vegas | | 96.2% | 109,813 | Richmond | | 95.1% | 35,664 | Richmond | | 95.1% | 34,652 | Richmond | | 95.1% | 223,170 | Richmond | | 95.1% | 351,792 | Honolulu | | 94.9% | 120,612 | Columbia | | 94.3% | 134,309 | Columbia | | 94.3% | 37,540 | Columbia | | 94.3% | 245,895 | Glendale | | 91.4% | 200,831 | Glendale | | 91.4% | 123,243 | Hartford | | 88.2% | 334,217 | Santa Ana | | 87.8% | 147,651 | Rockford | | 87.8% | 307,072 | Stockton | | 87.3% | 143,378 | Syracuse | | 87.1% | 247,477 | Chandler | | 86.9% | 146,763 | Savannah | | 86.9% | 199,582 | Amarillo | | 85.7% | 110,323 | Billings | | 84.2% | 129,934 | New Haven | | 84% | 147,000 | Paterson | | 83.3% | 53,505 | Bellevue | | 82.7% | 141,400 | Bellevue | | 82.7% | 142,059 | Pasadena | | 82.3% | 153,351 | Pasadena | | 82.3% | 105,139 | Green Bay | | 82.3% | 129,113 | Stamford | | 79.5% | 81,138 | Lakewood | | 77.8% | 154,393 | Lakewood | | 77.8% | 120,782 | Ann Arbor | | 77.8% | 100,758 | Lakewood (township) | | 77.8% | 50,279 | Lakewood | | 77.8% | 60,665 | Lakewood | | 77.8% | 132,677 | Surprise | | 74.9% | 45,349 | Beaumont | | 73.6% | 106,420 | Lakeland | | 73.6% | 118,299 | Beaumont | | 73.6% | 95,623 | Meridian | | 72.4% | 42,414 | Meridian (charter township) | | 72.4% | 39,113 | Meridian | | 72.4% | 136,703 | Thornton | | 71.9% | 72,417 | Bismarck | | 71.9% | 143,736 | Mesquite | | 71.3% | 64,019 | Cheyenne | | 70.5% | 72,364 | Missoula | | 69.8% | 172,298 | McKinney | | 69.6% | 47,866 | Lawrence | | 69% | 95,358 | Lawrence | | 69% | 80,209 | Lawrence | | 69% | 32,897 | Lawrence (township) | | 69% | 157,356 | Palmdale | | 68.6% | 169,743 | Elk Grove | | 68.4% | 74,398 | Iowa City | | 68.1% | 121,240 | Berkeley | | 67.1% | 41,689 | Berkeley (township) | | 67.1% | 94,444 | Dearborn | | 66.2% | 147,195 | Torrance | | 65.4% | 95,630 | Brockton | | 65.4% | 77,291 | Scranton | | 64.8% | 106,472 | Daly City | | 64.6% | 72,076 | Gulfport | | 64.6% | 113,054 | Temecula | | 62.2% | 81,034 | Cranston | | 61.8% |
|
Population | City |
103,959 | San Mateo | | 60.8% | 74,370 | Appleton | | 59.5% | 113,570 | Pearland | | 59.3% | 59,303 | Plymouth (town) | | 59.1% | 77,216 | Plymouth | | 59.1% | 82,881 | Avondale | | 58.6% | 33,150 | Franklin | | 58.6% | 66,311 | Franklin (township) | | 58.6% | 74,794 | Franklin | | 58.6% | 36,131 | Franklin | | 58.6% | 113,952 | Carlsbad | | 58.4% | 74,895 | Evanston | | 58.4% | 87,701 | Kirkland | | 57.8% | 92,858 | Longmont | | 57.6% | 88,182 | Waukegan | | 57% | 72,363 | Waukesha | | 57% | 111,674 | Murrieta | | 56.5% | 88,400 | Hamilton (township) | | 55.9% | 62,127 | Hamilton | | 55.9% | 72,937 | Rock Hill | | 55.9% | 76,897 | Loveland | | 55.5% | 82,055 | Longview | | 55.1% | 37,337 | Longview | | 55.1% | 54,989 | Richland | | 54.9% | 67,934 | Waterloo | | 53.6% | 32,872 | Lewiston | | 52.5% | 36,140 | Lewiston | | 52.5% | 52,109 | La Crosse | | 51.7% | 77,258 | Goodyear | | 51.1% | 67,024 | Palo Alto | | 50.8% | 44,631 | Danville (town) | | 50.6% | 60,941 | Marietta | | 50.6% | 31,597 | Danville | | 50.6% | 41,898 | Danville | | 50.6% | 55,130 | Anderson | | 50.2% | 56,474 | Valdosta | | 50% | 53,149 | Caldwell | | 49.6% | 75,536 | Gastonia | | 49.2% | 81,545 | Westland | | 48.5% | 93,724 | Hesperia | | 47.5% | 85,474 | Alhambra | | 46.6% | 66,845 | Yuba City | | 46.4% | 86,883 | Whittier | | 45.8% | 56,610 | Sarasota | | 45.8% | 68,820 | Woodbury | | 44.5% | 87,650 | Edinburg | | 43.5% | 60,525 | Vineland | | 43.2% | 59,068 | Woodland | | 43% | 42,513 | Prescott | | 42.6% | 75,639 | San Ramon | | 42.4% | 43,279 | Freeport (village) | | 42.2% | 46,903 | Maricopa | | 42% | 60,530 | Petaluma | | 42% | 54,939 | Highland | | 41.4% | 39,959 | Florence | | 41.1% | 71,288 | Redlands | | 41.1% | 32,460 | Florence | | 41.1% | 38,317 | Florence | | 41.1% | 68,766 | Palatine (village) | | 40.9% | 52,607 | Leesburg (town) | | 40.3% | 55,991 | Chicopee | | 39.5% | 41,178 | Bartlett (village) | | 39% | 58,622 | Bartlett | | 39% | 77,528 | Milpitas | | 38.8% | 42,957 | San Bruno | | 38.8% | 48,884 | Dunwoody | | 38.8% | 42,838 | Riverton | | 38.2% | 38,092 | Lynnwood | | 38.2% | 44,201 | El Centro | | 37.8% | 38,314 | Brighton | | 36.7% |
|
Population | City |
34,338 | San Dimas | | 36.5% | 51,689 | Kentwood | | 36.5% | 55,972 | Weymouth | | 36.1% | 51,851 | Glendora | | 35.7% | 49,216 | La Mirada | | 34.6% | 59,006 | Royal Oak | | 34.4% | 61,151 | Eastvale | | 34% | 40,956 | La Quinta | | 34% | 34,996 | Coventry (town) | | 32.9% | 38,349 | Muskegon | | 32.7% | 31,473 | Falmouth (town) | | 32.5% | 38,352 | Muskogee | | 32.1% | 43,586 | Rockwall | | 31.9% | 54,500 | Rosemead | | 31.4% | 37,322 | Issaquah | | 31.2% | 42,492 | Moorhead | | 30.8% | 41,483 | Manassas | | 30.6% | 40,939 | Campbell | | 30.4% | 30,545 | Los Gatos (town) | | 30.2% | 47,475 | Glenview (village) | | 30.2% | 30,536 | San Pablo | | 30% | 50,555 | Cerritos | | 29.1% | 40,377 | La Puente | | 29.1% | 35,071 | La Vergne | | 29.1% | 40,640 | Puyallup | | 29.1% | 37,643 | Los Banos | | 28.9% | 30,767 | Saratoga | | 28.9% | 30,771 | LaGrange | | 28.7% | 32,293 | Westlake | | 28.7% | 30,561 | Los Altos | | 27.6% | 31,876 | Garfield | | 27% | 36,481 | Moorpark | | 26.8% | 42,529 | Commerce (charter township) | | 26.8% | 39,062 | Pacifica | | 26.4% | 45,016 | Burleson | | 26.4% | 40,232 | Calexico | | 25.9% | 33,145 | Lawndale | | 25.9% | 37,126 | Monrovia | | 25.7% | 40,330 | Marlboro (township) | | 25.3% | 46,387 | Elmhurst | | 24.5% | 38,259 | Martinez | | 24.3% | 33,391 | Adelanto | | 23.8% | 31,507 | Parkland | | 23.6% | 32,398 | Gillette | | 23% | 37,724 | Aventura | | 22.8% | 38,315 | Wheeling (village) | | 22.6% | 40,610 | Shakopee | | 21.5% | 36,042 | Wildomar | | 21.3% | 35,043 | El Mirage | | 20.5% | 33,453 | Fair Lawn (borough) | | 20.3% | 35,756 | Wildwood | | 17.9% | 35,881 | Oak Creek | | 17.9% | 35,734 | Gallatin | | 17.7% | 30,613 | Deptford (township) | | 16.7% | 30,657 | Sherwood | | 15.8% | 35,623 | Freehold (township) | | 15.6% | 33,782 | Deer Park | | 15.4% | 33,780 | Fairborn | | 15.2% | 36,237 | Trumbull (town) | | 15% | 36,753 | Galloway (township) | | 14.6% | 38,643 | Delaware | | 14.6% | 31,702 | West Bend | | 14.3% | 33,627 | Kennesaw | | 13.9% | 34,905 | Hilliard | | 13.7% | 35,385 | Herriman | | 12.4% | 33,610 | Randolph (town) | | 9.5% | 31,495 | Matthews (town) | | 8.2% | 30,223 | Cleburne | | 7.6% | 33,549 | Clermont | | 7.2% |
|
Comments